000 00862nam a2200265 a 4500
008
020 _a0521589274 (pbk.)
049 _aMAIN
090 _aTJ260
100 1 _aWarhaft, Z.
245 1 3 _aAn introduction to thermal-fluid engineering :
_bthe engine and the atmosphere /
_cZ. Warhaft.
246 3 0 _aThermal-fluid engineering.
260 _aCambridge :
_bCambridge University Press,
_c1997.
300 _axv, 241 p. :
_bill. ;
_c26 cm.
504 _aIncludes bibliographical references.
500 _aIncludes index.
650 0 _aHeat engineering.
650 0 _aFluid dynamics.
650 0 _aInternal combustion engines
_xExhaust emissions
_xEnvironmental aspects.
907 _a.b10127148
_b07-09-05
_c15-06-04
003
005 20230123133740.0
040 _cNUST
942 _cBOOKS
_kTJ260
999 _c153958
_d153958